| 000 | 01149nam a2200277 i 4500 | ||
|---|---|---|---|
| 001 | 27900 | ||
| 003 | ES-MaACL | ||
| 005 | 20250717063022.0 | ||
| 007 | t| | ||
| 008 | 030115s1946 sp |||| |aspa d | ||
| 100 | 1 |
_aAznar, Severino, _d1870-1959 _924307 |
|
| 245 | 1 | 0 |
_aRecuerdos del tiempo viejo / _cpor Severino Aznar. |
| 260 |
_a[Madrid : _bs.n., _c1946] ( _fHijos de E. Minuesa) |
||
| 300 |
_a24 p., 1 lám. ; _c21 cm. |
||
| 490 | 1 |
_aPublicaciones del Instituto Nacional de Previsión ; _v636 |
|
| 500 | _aPrecede al tít.: Instituto Nacional de Previsión. | ||
| 530 | _aDisponible en formato digital. | ||
| 600 | 1 | 4 |
_aAznar, Severino, _d1870-1959 _924307 |
| 610 | 2 | 4 |
_aInstituto Nacional de Previsión (España) _95180 |
| 710 | 2 |
_aInstituto Nacional de Previsión (España) _95180 |
|
| 830 | 0 |
_aPublicaciones del Instituto Nacional de Previsión ; _v636 _9181151 |
|
| 852 |
_aES-MaACL _j1879-F-19 _cDEPOF _zRevisado enlace: 19 de Abril de 2025 |
||
| 856 |
_uhttp://bvingesa.mspsi.es/bvingesa/es/catalogo_imagenes/grupo.cmd?path=1000817 _zInstituto Nacional de Gestión Sanitaria |
||
| 942 | _2udc | ||
| 999 |
_c27900 _d27900 |
||